| Tag |
First Indicator |
Second Indicator |
Subfields |
| LEADER |
00000nam a2200000Ia 4500 |
| 001 |
in00004175613 |
| 005 |
20200807083954.0 |
| 006 |
m g d |
| 007 |
cr bn |||a|bb| |
| 008 |
971121s1603 enk o 00| | eng d |
| 035 |
|
|
|a (UnM)99898323
|
| 037 |
|
|
|a CL0036000066
|b ProQuest. 789 E. Eisenhower Parkway, Ann Arbor, MI 48108-3218
|
| 040 |
|
|
|a Cu-RivES
|c Cu-RivES
|e dcrb
|d WaOLN
|
| 110 |
1 |
|
|a England and Wales.
|b Sovereign (1603-1625 : James I)
|
| 240 |
1 |
0 |
|a Proclamations.1603-09-30
|
| 245 |
1 |
0 |
|a By the King. A proclamation to represse all piracies and depredations vpon the sea
|
| 246 |
2 |
|
|a Proclamation to represse all piracies and depredations upon the sea
|
| 260 |
|
|
|a [Imprinted at London :
|b by Robert Barker, printer to the Kings most excellent Maiestie,
|c anno Dom. 1603]
|
| 300 |
|
|
|a 1 online resource (2 sheets (versos blank)
|
| 336 |
|
|
|a text
|b txt
|2 rdacontent
|
| 337 |
|
|
|a computer
|b c
|2 rdamedia
|
| 338 |
|
|
|a online resource
|b cr
|2 rdacarrier
|
| 500 |
|
|
|a Caption title.
|
| 500 |
|
|
|a Imprint from colophon.
|
| 500 |
|
|
|a Dated at end: Giuen at his Maiesties citie of Winchester the xxx. day of September 1603. in the first yeere of his Highnes reigne of England, France and Ireland, and of Scotland the seuen and thirtieth.
|
| 500 |
|
|
|a Arms 8; Steele notation: ma- lars 2) any to.
|
| 500 |
|
|
|a Reproduction of original in the Folger Shakespeare Library.
|
| 510 |
4 |
|
|a STC (2nd edition)
|c 8334
|
| 510 |
4 |
|
|a Steele
|c I, 972
|
| 533 |
|
|
|a Electronic reproduction.
|b Ann Arbor, Mich. :
|c UMI,
|d 1999-
|f (Early English books online)
|n Digital version of: (Early English books, 1475-1640 ; 2062:18)
|7 s1999 miun s
|
| 650 |
|
0 |
|a Maritime law
|z England
|v Early works to 1800.
|
| 655 |
|
7 |
|a Broadsides
|z England
|2 rbgenr
|
| 830 |
|
0 |
|a Early English books online.
|
| 856 |
4 |
0 |
|u http://proxy.library.tamu.edu/login?url=https://search.proquest.com/docview/2240900658
|z Connect to the full text of this electronic book
|t 0
|
| 999 |
f |
f |
|s 6dc9dd48-06c8-376c-9722-e036a0aee5fe
|i 81436b2b-a222-381d-ac9a-155988f22359
|t 0
|
| 952 |
f |
f |
|a Texas A&M University
|b College Station
|c Electronic Resources
|d Available Online
|t 0
|h No information provided
|
| 998 |
f |
f |
|t 0
|l Available Online
|